[Event "SSOBZ Cup Team 12th"]
[Site "Valpovo"]
[Date "2019.02.17"]
[Round "4.4"]
[White "Bojanic, Borislav"]
[Black "Ronta, Ivan"]
[Result "0-1"]
[WhiteElo "1895"]
[BlackElo "1717"]
[PlyCount "64"]
[EventDate "2019.02.15"]
[EventType "team-swiss"]
[EventRounds "5"]
[EventCountry "CRO"]
[SourceTitle "CBM 189 Extra"]
[Source "ChessBase"]
[SourceDate "2019.06.03"]
[SourceVersion "1"]
[SourceVersionDate "2019.06.03"]
[SourceQuality "1"]
[WhiteTeam "Belisce"]
[BlackTeam "Donji Miholjac"]
[WhiteTeamCountry "CRO"]
[BlackTeamCountry "CRO"]

1. d4 Nf6 2. c4 g6 3. Nc3 d5 4. Nf3 Bg7 5. Bg5 Ne4 6. Nxd5 Nxg5 7. Nxg5 e6 8. Nxf7 Kxf7 9. Nc3 Qxd4 10. Qc2 Qxc4 11. e3 Qc6 12. h4 Nd7 13. 0-0-0 Bxc3 14. bxc3 Nf6 15. Bd3 Bd7 16. h5 Nxh5 17. Rxh5 gxh5 18. Bxh7 e5 19. Rxd7+ Qxd7 20. Qg6+ Ke7 21. Qg5+ Kd6 22. Bf5 Qf7 23. e4 Rhg8 24. Qd2+ Kc6 25. g3 b6 26. a4 Rad8 27. Qb2 Qc4 28. Bh3 Qd3 29. Qc2 Qxc2+ 30. Kxc2 Rgf8 31. f4 exf4 32. gxf4 Rxf4 0-1

[Event "CRO Cup"]
[Site "Mali Losinj"]
[Date "2018.05.18"]
[Round "4.84"]
[White "Tomic, Stjepan"]
[Black "Bojanic, Borislav"]
[Result "1-0"]
[WhiteElo "1790"]
[BlackElo "1914"]
[PlyCount "61"]
[EventDate "2018.05.16"]
[EventType "team-swiss"]
[EventRounds "6"]
[EventCountry "CRO"]
[SourceTitle "CBM 184 Extra"]
[Source "ChessBase"]
[SourceDate "2018.06.28"]
[SourceVersion "1"]
[SourceVersionDate "2018.06.28"]
[SourceQuality "1"]
[WhiteTeam "Zagreb Mladost"]
[BlackTeam "Belisce"]
[WhiteTeamCountry "CRO"]
[BlackTeamCountry "CRO"]

1. e4 c5 2. Nf3 Nc6 3. d4 cxd4 4. Nxd4 g6 5. c4 Bg7 6. Be3 Qa5+ 7. Nc3 e6 8. Ndb5 Bxc3+ 9. Nxc3 Nge7 10. Qd2 0-0 11. Be2 a6 12. 0-0 Qc7 13. Rad1 Rb8 14. Bf4 e5 15. Bh6 Re8 16. Qg5 Nd8 17. Qf6 Ne6 18. Nd5 Qd8 19. Qxe5 Nxd5 20. cxd5 d6 21. Qc3 Qh4 22. dxe6 Qxh6 23. exf7+ Kxf7 24. Qc7+ Re7 25. Qxb8 Be6 26. Qxd6 Qg5 27. f4 Qa5 28. f5 gxf5 29. exf5 Bxa2 30. Bh5+ Kf8 31. f6 1-0

[Event "CRO-chT2 East"]
[Site "Croatia"]
[Date "2011.04.17"]
[Round "6"]
[White "Bojanic, Borislav"]
[Black "Saric, Sinisa"]
[Result "0-1"]
[WhiteElo "1923"]
[BlackElo "2448"]
[PlyCount "78"]
[EventDate "2011.04.02"]
[EventType "tourn"]
[EventRounds "11"]
[EventCountry "CRO"]
[SourceTitle "EXT 2014"]
[Source "ChessBase"]
[SourceDate "2013.11.20"]
[SourceVersion "1"]
[SourceVersionDate "2013.11.20"]
[SourceQuality "1"]

1. d4 Nf6 2. c4 g6 3. Nc3 Bg7 4. e3 d6 5. Be2 0-0 6. Nf3 Nbd7 7. 0-0 e5 8. dxe5 dxe5 9. e4 c6 10. Bg5 h6 11. Bh4 Qe7 12. Qd2 a5 13. Rad1 Nc5 14. Bxf6 Qxf6 15. Qd6 Ne6 16. Qd2 Nc5 17. Qe3 Qe7 18. b3 f5 19. Ne1 f4 20. Qc1 Ne6 21. Bg4 Nd4 22. Bxc8 Raxc8 23. Rd3 g5 24. Qd1 Qe6 25. Qh5 Rcd8 26. h3 Qf7 27. Qg4 Bf6 28. Qd1 h5 29. Kh1 Qg6 30. f3 Be7 31. Nc2 Ne6 32. Rf2 Rxd3 33. Qxd3 Rd8 34. Qf1 Bc5 35. Re2 g4 36. Qe1 Kf7 37. Rd2 gxf3 38. gxf3 Rxd2 39. Qxd2 Qg1# 0-1

[Event "CRO-chT2 East"]
[Site "Osijek"]
[Date "2010.04.24"]
[Round "4.21"]
[White "Goric, Esad"]
[Black "Bojanic, Borislav"]
[Result "1-0"]
[WhiteElo "2368"]
[BlackElo "1934"]
[PlyCount "71"]
[EventDate "2010.04.17"]
[EventType "team-tourn"]
[EventRounds "11"]
[EventCountry "CRO"]
[SourceTitle "EXT 2012"]
[Source "ChessBase"]
[SourceDate "2011.11.24"]
[SourceVersion "1"]
[SourceVersionDate "2011.11.24"]
[SourceQuality "1"]

1. Nf3 Nf6 2. b3 e6 3. Bb2 Be7 4. d4 d5 5. e3 0-0 6. c4 Ne4 7. Bd3 f5 8. 0-0 c6 9. a3 Nd7 10. b4 b6 11. b5 Bb7 12. a4 a5 13. bxa6 Bxa6 14. cxd5 exd5 15. Nc3 Bd6 16. Ne2 Ndf6 17. Ne5 c5 18. f3 c4 19. Bc2 Ng5 20. Bxf5 g6 21. Bc2 Re8 22. Bc3 Qe7 23. Rb1 Qc7 24. Qd2 Nf7 25. f4 Rab8 26. h3 Rec8 27. Qe1 b5 28. axb5 Bxb5 29. Qh4 Be7 30. Nxf7 Kxf7 31. f5 Kg7 32. Nf4 Bd7 33. fxg6 hxg6 34. Qg5 Rxb1 35. Bxb1 Ng8 36. Qxg6+ 1-0

[Event "CRO-chT2 East"]
[Site "Osijek"]
[Date "2010.04.18"]
[Round "3.61"]
[White "Bojanic, Borislav"]
[Black "Runic, Zoran"]
[Result "0-1"]
[WhiteElo "1934"]
[BlackElo "2405"]
[PlyCount "54"]
[EventDate "2010.04.17"]
[EventType "team-tourn"]
[EventRounds "11"]
[EventCountry "CRO"]
[SourceTitle "EXT 2012"]
[Source "ChessBase"]
[SourceDate "2011.11.24"]
[SourceVersion "1"]
[SourceVersionDate "2011.11.24"]
[SourceQuality "1"]

1. d4 Nf6 2. Nf3 g6 3. c4 Bg7 4. Nc3 0-0 5. e4 d6 6. Bd3 Bg4 7. h3 Bxf3 8. Qxf3 Nc6 9. Be3 e5 10. d5 Nd4 11. Qd1 c5 12. Qd2 a6 13. 0-0 Nd7 14. f4 exf4 15. Bxf4 Ne5 16. Ne2 Nxe2+ 17. Bxe2 Qe7 18. Rae1 b5 19. a3 bxc4 20. Bxe5 Qxe5 21. Bxc4 Qxb2 22. Qxb2 Bxb2 23. Rb1 Rfb8 24. a4 Rb4 25. Bd3 a5 26. Bb5 c4 27. Rf3 Bd4+ 0-1

[Event "Senta op-A 11th"]
[Site "Senta"]
[Date "2007.07.27"]
[Round "9"]
[White "Bojanic, Borislav"]
[Black "Cvetkovic, Nemanja"]
[Result "1-0"]
[WhiteElo "2187"]
[BlackElo "2276"]
[PlyCount "149"]
[EventDate "2007.07.21"]
[EventType "swiss"]
[EventRounds "9"]
[EventCountry "YUG"]
[SourceTitle "CBM 119 Extra"]
[Source "ChessBase"]
[SourceDate "2007.09.04"]
[SourceVersion "1"]
[SourceVersionDate "2007.09.04"]
[SourceQuality "1"]

1. e4 c5 2. Nf3 d6 3. d4 cxd4 4. Nxd4 Nf6 5. Nc3 a6 6. g3 e5 7. Nde2 Nbd7 8. Bg2 b5 9. Nd5 Bb7 10. a4 Nxd5 11. exd5 bxa4 12. 0-0 Be7 13. Be3 Nb6 14. Bxb6 Qxb6 15. c4 0-0 16. Qxa4 f5 17. Rac1 a5 18. Rc2 Rac8 19. b4 Qxb4 20. Qxb4 axb4 21. Rb1 Rc7 22. Rxb4 Rfc8 23. Ra4 Kf7 24. h4 Ke8 25. Ra7 Ba8 26. Rca2 Rxa7 27. Rxa7 Bf6 28. c5 e4 29. c6 Bxc6 30. dxc6 Rxc6 31. g4 Rc2 32. Kf1 Rb2 33. Ke1 Bxh4 34. gxf5 e3 35. Ra1 Bxf2+ 36. Kf1 Ke7 37. Bd5 Kf6 38. Ra7 Rb1+ 39. Kg2 Re1 40. Kf3 Kxf5 41. Rxg7 h5 42. Be4+ Kf6 43. Rg6+ Ke7 44. Nd4 h4 45. Nf5+ Kd7 46. Rxd6+ Kc7 47. Rh6 Rh1 48. Nxe3 Bxe3 49. Kxe3 Rh2 50. Kd4 Kd7 51. Ke5 Kc7 52. Kd5 Rh3 53. Rc6+ Kb8 54. Rh6 Kc7 55. Kc5 Rc3+ 56. Kd4 Rh3 57. Kd5 Rh2 58. Rh7+ Kb6 59. Kd6 Kb5 60. Bd5 Kb4 61. Rc7 Ka3 62. Rb7 Rb2 63. Ra7+ Kb4 64. Rc7 h3 65. Rc4+ Kb5 66. Rh4 h2 67. Bc6+ Kb6 68. Rh8 Rd2+ 69. Bd5 Rc2 70. Rb8+ Ka6 71. Rb1 Ka5 72. Bc6 Rd2+ 73. Kc7 Rc2 74. Rb5+ Ka6 75. Rh5 1-0

[Event "Senta op-A 11th"]
[Site "Senta"]
[Date "2007.07.26"]
[Round "8"]
[White "Andrijevic, Milan"]
[Black "Bojanic, Borislav"]
[Result "1-0"]
[WhiteElo "2338"]
[BlackElo "2187"]
[PlyCount "145"]
[EventDate "2007.07.21"]
[EventType "swiss"]
[EventRounds "9"]
[EventCountry "YUG"]
[SourceTitle "CBM 119 Extra"]
[Source "ChessBase"]
[SourceDate "2007.09.04"]
[SourceVersion "1"]
[SourceVersionDate "2007.09.04"]
[SourceQuality "1"]

1. e4 e5 2. Nf3 Nc6 3. Bb5 a6 4. Ba4 Nf6 5. 0-0 b5 6. Bb3 Be7 7. Re1 0-0 8. h3 d6 9. c3 Na5 10. Bc2 c5 11. d4 Qc7 12. Nbd2 h6 13. Nf1 Re8 14. d5 Bf8 15. a4 Rb8 16. axb5 axb5 17. b3 g6 18. Ng3 Bg7 19. Be3 Bd7 20. Qd2 Kh7 21. Ra2 b4 22. Rea1 bxc3 23. Qxc3 Nb7 24. Nd2 Qc8 25. Kh2 h5 26. Bg5 Kg8 27. Nc4 Nh7 28. Bd2 h4 29. Nf1 Qd8 30. Ra7 Rf8 31. Nfe3 Qf6 32. Nb6 Bb5 33. Kg1 Qd8 34. Nbc4 f5 35. Qd3 Ng5 36. Qe2 f4 37. Ng4 f3 38. Bxg5 Qxg5 39. gxf3 Bxc4 40. bxc4 Nd8 41. Kg2 Rb2 42. Rd7 Nf7 43. Qd1 Rd8 44. Ba4 Rxd7 45. Bxd7 Nh6 46. Qc1 Rd2 47. Qc3 Nxg4 48. Bxg4 Qf4 49. Kg1 Bh6 50. Qa5 Rb2 51. Qd8+ Qf8 52. Qxh4 Rb7 53. Be6+ Kg7 54. Qg4 Bd2 55. h4 Qf4 56. Qxf4 exf4 57. Ra6 Rb4 58. Rxd6 Rxc4 59. Rd7+ Kf6 60. Rf7+ Ke5 61. Rg7 Rc1+ 62. Kg2 Kf6 63. Rc7 c4 64. Bg8 Bb4 65. d6 Bxd6 66. Rf7+ Ke5 67. h5 Kd4 68. Rd7 Kc5 69. h6 c3 70. h7 c2 71. h8Q Rg1+ 72. Kxg1 c1Q+ 73. Kg2 1-0

[Event "CRO-chT3 East-A"]
[Site "Croatia"]
[Date "2005.03.20"]
[Round "2.6"]
[White "Bojanic, Borislav"]
[Black "Stampf, Zeljko"]
[Result "1/2-1/2"]
[WhiteElo "1882"]
[BlackElo "1619"]
[PlyCount "108"]
[EventDate "2005.03.13"]
[EventType "team-tourn"]
[EventRounds "11"]
[EventCountry "CRO"]
[SourceTitle "EXT 2007"]
[Source "ChessBase"]
[SourceDate "2006.11.23"]
[SourceVersion "1"]
[SourceVersionDate "2006.11.23"]
[SourceQuality "1"]
[WhiteTeam "Belisac"]
[BlackTeam "Nova Gradiska"]
[WhiteTeamCountry "CRO"]
[BlackTeamCountry "CRO"]

1. d4 e6 2. e4 d5 3. e5 c5 4. c3 Nc6 5. Nf3 cxd4 6. cxd4 Bb4+ 7. Bd2 Qb6 8. Be2 Nh6 9. Bxb4 Qxb4+ 10. Qd2 Nf5 11. Qxb4 Nxb4 12. Na3 Bd7 13. 0-0 0-0 14. Rfc1 Rfc8 15. g4 Ne7 16. Rc3 a6 17. Bd1 Rxc3 18. bxc3 Nd3 19. Rb1 b5 20. Be2 Nf4 21. Bf1 Nc8 22. h4 Nb6 23. h5 Rc8 24. Rb3 Nc4 25. Nxc4 dxc4 26. Rb1 Bc6 27. Ne1 g6 28. Kh2 gxh5 29. Kg3 Nd5 30. Rc1 hxg4 31. Kxg4 h6 32. Bg2 Ne7 33. Bxc6 Nxc6 34. Kh5 Kh7 35. Nf3 Rg8 36. Rg1 Rxg1 37. Nxg1 b4 38. cxb4 Nxb4 39. a3 Nc2 40. Ne2 Nxa3 41. f4 Nb5 42. f5 exf5 43. d5 Kg7 44. d6 Nxd6 45. exd6 Kf8 46. Kxh6 Ke8 47. Nd4 c3 48. Kg5 Kd7 49. Kxf5 Kxd6 50. Ke4 Kc5 51. Kd3 Kb4 52. Kc2 a5 53. Ne2 f5 54. Nxc3 f4 1/2-1/2